000 00843nam a2200181 a 4500
008 120416s1997 ||||||||||||||||| || u
020 _a8171694624
050 _aHF 5429 Dub
100 _aDubey, V. K
245 1 0 _aRetail management
260 _aNew Delhi
_bCommonwealth Publishers
_c1997
350 _a0.00
650 0 _aECONOMICS
650 _aRETAIL TRADE
995 _aMAIN LIBRARY OPEN ACCESS
_D0.00
_e733179
_FCBU-MAIN LIBRARY (Kitwe)
_H1
_I60.00
_jHF 5429 Dub
_M1
_UAVAILABLE
_y44668
_ZMain Library Open Access Collection
995 _aANNEX COLLECTION (Main Library)
_D0.00
_e733177
_FCBU-MAIN LIBRARY (Kitwe)
_H2
_I60.00
_jHF 5429 Dub
_M2
_UAVAILABLE
_y44670
_ZAnnex Low-Usage Collection
995 _aMAIN LIBRARY OPEN ACCESS
_D0.00
_e733178
_FCBU-MAIN LIBRARY (Kitwe)
_H3
_I60.00
_jHF 5429 Dub
_M3
_UAVAILABLE
_y44667
_ZMain Library Open Access Collection
999 _c80197
_d80197